| 000 | 01010nam a2200265Ia 4500 | ||
|---|---|---|---|
| 003 | OSt | ||
| 005 | 20221005105650.0 | ||
| 006 | a|||||r|||| 00| 0 | ||
| 007 | ta | ||
| 008 | 221004b |||||||| |||| 00| 0 hin d | ||
| 020 |
_a8181432029 (hbk) _c1125 |
||
| 024 | _a88471 | ||
| 037 |
_b518, 25/03/2008, Vani Prakashan _cTextual |
||
| 040 |
_aCRL _cCRL _bhin |
||
| 041 |
_2hin _ahin |
||
| 082 | _aO152,1N133:g, P4 | ||
| 100 | _aपालीवाल, कृष्णदत्त | ||
| 245 | 0 | _aभवानीप्रसाद मिश्र का काव्य संसार | |
| 246 | _aBhavānīprasād mishra kā kāvya sansāra | ||
| 260 |
_aनई दिल्ली _bवाणी प्रकाशन भारत _c2004 |
||
| 300 |
_a182पृ0 _ccm. |
||
| 650 | _aहिन्दी साहित्य | ||
| 942 |
_hO152,1N133:g, P4 _cTEXL _2cc |
||
| 999 |
_c1016509 _d1016509 |
||